00884nam a2200229 a 4500008004100000020001500041050001500056100002500071245004100096250001200137260004300149300002200192350000900214500005100223650002500274650002900299650002700328700002200355995010600377999001700483952015400500120416s1986 ||||||||||||||||| || u a0471802379 aTJ 175 Mab aReinholtz, Charles F10aMechanisms and dynamics of machinery a4th ed. aNew York :bJohn Wiley and Sonsc1986. axii, 644p. : ill. a0.00 aIncludes bibliographical references and index. aMechanical movements aMachinery, Kinematics of aMACHINERY, DYNAMICS OF aMabie, Hamilton H D0.00FCBU-MAIN LIBRARY (Kitwe)H1I20.00UAVAILABLEWJun 6, 2006ZMain Library Open Access Collection c50932d50932 00102lcc4070a001b001cMain Library Open Access Collectiond2022-11-30l2oTJ 175 Mabp38341q2024-01-11r2023-10-30s2023-10-30w2022-11-30y002